000 01025cam a22002891a 4500
001 g 01002743
003 DLC
005 20260227111258.0
008 870206s1898 nyu 000 0 eng
010 _ag 01002743
035 _a(OCoLC)15159401
040 _aDLC
_cPPiU
_dDLC
041 0 _aengger
042 _apremarc
050 0 0 _aPT2468.N4
_bG7
100 1 _aSchiller, Friedrich,
_d1759-1805.
240 1 4 _aDer Neffe als Onkel.
_f1898
245 1 0 _aSchiller's der Neffe als Onkel :
_bwith footnotes and vocabulary /
_cintroduction by E.M. Granger.
260 _aNew York :
_bHinds & Noble,
_c1898.
300 _a9, 94 p. :
_bport. ;
_c18 cm.
440 0 _aHinds and Noble's German classics
500 _aA free translation of Picard's Encore des Ménechmes.
530 _aAlso available in digital form on the Internet Archive Web site.
700 1 _aGranger, E. M.
700 1 _aPicard, L.-B.
_q(Louis-Benoît),
_d1769-1828.
_tEncore des Ménechmes.
856 4 1 _uhttp://hdl.loc.gov/loc.gdc/scd0001.00220123212
999 _c24045
_d24045